Statistics for 1990 FIFA World Cup Knockout Stage

Click here to take the quiz!

General Stats

  • This quiz has been taken 541 times
  • The average score is 12 of 16

Answers on the Map

Answers color-coded by a green-red scale on the quiz's map according to % correct below.
 

Answer Stats

Nation% Correct
Argentina
97%
Brazil
95%
Italy
95%
England
93%
West Germany
92%
Spain
85%
Belgium
80%
Netherlands
79%
Uruguay
72%
Yugoslavia
69%
Cameroon
66%
Colombia
66%
Ireland
62%
Romania
60%
Czechoslovakia
56%
Costa Rica
40%

Score Distribution

Percentile by Number Answered

Percent of People with Each Score

Your Score History

You have not taken this quiz